000 00863nac a22002291u 4500
010 _a 2004046585
020 _a1575241986 (alk. paper)
082 0 0 _a658.4034
_bECK
090 _c9592
_d9592
100 _aEcker, Joseph G.
245 1 0 _aIntroduction to operations research /
_cJoseph G. Ecker, Michael Kupferschmid.
260 _aMalabar, Fla. :
_bKrieger Pub.,c.2004.
_cc.2004.
300 _ap. cm.
500 _aOriginally published: New York : John Wiley, 1988.
500 _aDistributer: Baccah.
504 _aIncludes bibliographical references and index.
511 _aCatalogued By: Mahitab.
650 0 _aOperations research.
700 1 _aKupferschmid, Michael.
942 _cBB
_k658.4034ECK
999 _c9592
_d9592